00891nam a2200217Ia 4500003000400000005001700004008004000021040001000061041001200071082001300083100002100096245008300117260004300200300000900243690002900252906001100281942001200292999001900304952017500323952017500498OSt20250814101128.0210210b2006 xxu||||| |||| 00| 0 eng d aALc  aEnglish a320 LATB aLatha K C933408 aBook on new topics of II and III year B A degree syllabus of political science aMangalorebAjay Anand K, Chilumec2006 a160p aPolitical Science933409 a061131 2ddccBK c107883d107883 001040708Political ScienceaALbALcPolitical Scienced2021-02-17eAjay Anand Ke, Chilume, Mangalore-7g85.00l0o320 LATBp061131r2021-02-17 00:00:00w2021-02-17yBK 001040708Political ScienceaALbALcPolitical Scienced2021-02-17eAjay Anand Ke, Chilume, Mangalore-7g85.00l0o320 LATBp061132r2021-02-17 00:00:00w2021-02-17yBK